Clubs historiques #2 : Juventus - Statistiques

Statistiques générales
  • Ce quiz a été pris 202 fois
  • Le résultat moyen est 7 sur 10
Statistiques - réponses
Question Réponse % Correct
Nombre de ligues des champions 2
96%
Meilleur buteur Alessandro Del Piero
84%
Entraîneur Massimiliano Allegri
83%
Nombre de championnats remportés 36
80%
Joueur le plus capé Alessandro Del Piero
77%
Stade Allianz Stadium
72%
Année de fondation 1897
62%
Capacité (arrondir au millier supérieur ou inférieur) 41057
54%
Joueur le plus cape jouant encore pour le club Leonardo Bonucci
52%
Meilleur buteur qui joue encore pour le club Juan Cuadrado
28%
Aucun quiz correspondant
Distribution des résultats
% des personnes avec chaque résultat
Percentile par nombre de réponses
Votre historique - résultats
Vous n’avez pas pris ce quiz